Private lives in renaissaince Venice : art, architecture and the family

Αποθηκεύτηκε σε:
Λεπτομέρειες βιβλιογραφικής εγγραφής
Κύριος συγγραφέας: Brown, Patricia Fortini 1936-
Μορφή: Βιβλίο
Γλώσσα:English
Δημοσίευση: New Haven and London : Yale University Press, c2004
Θέματα:
Ετικέτες: Προσθήκη ετικέτας
Δεν υπάρχουν, Καταχωρήστε ετικέτα πρώτοι!

MARC

LEADER 00000nam a2200000 i 4500
001 1/71004
008 050204s2004 eng d
020 |a 0-300-10236-4 
035 |l 10076398 
040 |a GR-MY-UA  |b gre  |e aacr 
041 0 |a eng 
082 0 |a 709.03  |2 (21) 
100 1 |a Brown, Patricia Fortini  |d 1936- 
245 1 0 |a Private lives in renaissaince Venice :  |b art, architecture and the family /  |c Patricia Fortini Brown 
260 |a New Haven and London :   |b Yale University Press,   |c c2004 
300 |a vii, 312 σ.;  |b εικ.;  |c 29 εκ. 
504 |a Περιέχει βιβλιογραφία και ευρετήριο 
650 0 0 |a Decoration and ornament  |x social aspects  |z Italy  |z Venice. 
650 0 0 |a Decoration and ornament, Renaissance  |z Italy  |z Venice. 
650 0 0 |a Interior decoration  |z Italy  |x History  |y 15th century. 
650 0 0 |a Interior decoration  |z Italy  |x History  |y 16th century. 
651 0 |a Venice (Italy)  |x Social life and customs. 
852 |a INST  |b LESVOS  |e 20050204  |h 709.03 BRO  |p 005100028008  |q 005100028008  |t BK  |y 0 
901 |a BIBL1-2005-1 
909 |a Λ  |b 116505 
922 |a 1ΕΛΗ  |b 200411  |c ΕΠΕΑΕΚ2/ΤΚΑ  |d ΜΙΧΑΛΟΠΟΥΛΟΣ 
950 |a 117-2004-10-11 
970 |a ΜΑΡΙΝΑΤΟΥ  |b ΜΥΡΣΙΝΗ  |z 2005/02/23